000 00920nam a22002657a 4500
003 OSt
005 20211124040153.0
008 160504b xxu||||| |||| 00| 0 eng d
010 _a 77018806
020 _a0471937703
040 _aMMU
_cMMU
_dMMU
_beng
050 0 0 _aHD30.27
_b.M34 1978
082 0 0 _a338.5/442
100 1 _aMakridakis, Spyros G.
245 1 0 _aForecasting :
_bmethods and applications /
_cSpyros Makridakis, Steven C. Wheelwright.
260 _aSanta Barbara, Calif. :
_bWiley,
_cc1978.
300 _axvi, 713 p. :
_bill. ;
_c24 cm.
490 0 _aThe Wiley/Hamilton series in management and administration
500 _a"A Wiley/Hamilton publication."
504 _aIncludes bibliographies and index.
650 0 _aForecasting
_xStatistical methods.
700 1 _aWheelwright, Steven C.,
_d1943-
_ejoint author.
906 _a7
_bcbc
_corignew
_d1
_eocip
_f19
_gy-gencatlg
942 _2lcc
_cLOAN LOAN
999 _c17158
_d17158